Datum a čas kvízu
10.5
Celkem bodů
Celkový počet nahraných bodů na tomto kvízu bez doplňovacích otázek.
8.
Pořadí na kvízu
Konečné umístění týmu na tomto kvízu.
Zaznamenané odpovědi
| # | Otázka | Odpověď | Body | Výsledky |
|---|---|---|---|---|
| 1. | Do pražské ZOO minulý týden do... | luskouni | 1 | |
| 2. | V Saúdské Arábii byla ve střed... | havarijní pojištění | 0 | |
| 3. | Na streamovací platformě Netfl... | Barack Obama | 0 | |
| 4. | Vítězem prestižních anket Svět... | Hyundai Ioniq (5) | 0 | |
| 5. | Bývalá světová tenisová jednič... | Kim Clijstersová | 0 | |
| 6. | V dalším díle této tematické s... | šáchor | 0 | |
| 7. | Damani jsou malí savci obývají... | A) slon | 0 | |
| 8. | Tento živočich je typickou koč... | serval | 0 | |
| 9. | Jako africká rohatá okurka býv... | kiwano | 0 | |
| 10. | Tento obyvatel subsaharské Afr... | hrabáč | 0 |